A Guide to the steam railways of Great Britain /

Bibliographic Details
Other Authors: Awdry, W., Cook, Chris, 1945-
Format: Book
Language:English
Published: London : Pelham, 1979.
Subjects:

MARC

Tag First Indicator Second Indicator Subfields
LEADER 00000cam a2200000 i 4500
001 in00000045887
005 20151007075333.0
008 800410s1979 enkabcf 00100 eng
010 |a  80467995  
015 |a GB79-27276 
020 |a 0720710529 :  |c 6.95 
035 |a (OCoLC)06279222 
035 |9 AAF3037AM 
040 |a DLC  |c DLC  |d TXA  |d UtOrBLW 
043 |a e-uk--- 
049 |a TXAM  |c [1160342] 
050 0 0 |a TF57  |b .G88 1979 
082 0 |a 385/.0941 
245 0 2 |a A Guide to the steam railways of Great Britain /  |c edited by W. Awdry and Chris Cook. 
264 1 |a London :  |b Pelham,  |c 1979. 
300 |a 240 pages, 4 unnumbered leaves of plates :  |b illustrations (some color), maps, portraits ;  |c 25 cm. 
336 |a text  |b txt  |2 rdacontent 
337 |a unmediated  |b n  |2 rdamedia 
338 |a volume  |b nc  |2 rdacarrier 
500 |a Map on lining papers. 
500 |a Includes index. 
650 0 |a Railroads  |z Great Britain. 
650 0 |a Railroad museums  |z Great Britain. 
700 1 |a Awdry, W. 
700 1 |a Cook, Chris,  |d 1945- 
999 |a MARS 
999 f f |s 4cf1bb9e-7f31-36a0-be10-e473088d7470  |i 781abe87-b63b-3b2e-8bac-4b3e1c2cbc28  |t 0 
952 f f |p ric  |a Texas A&M University  |b Rellis Campus  |c Joint Library Facility  |d Remote Storage  |t 0  |e TF57 .G88 1979  |h Library of Congress classification  |i unmediated -- volume  |m A14805391178 
998 f f |a TF57 .G88 1979  |t 0  |l Remote Storage